|
|
|
|
| LEADER |
03280nam a22003853i 4500 |
| 001 |
EBC6955669 |
| 003 |
MiAaPQ |
| 005 |
20231204023222.0 |
| 006 |
m o d | |
| 007 |
cr cnu|||||||| |
| 008 |
231204s2015 xx o ||||0 ger d |
| 020 |
|
|
|a 9783839404232
|q (electronic bk.)
|
| 020 |
|
|
|z 9783899424232
|
| 035 |
|
|
|a (MiAaPQ)EBC6955669
|
| 035 |
|
|
|a (Au-PeEL)EBL6955669
|
| 035 |
|
|
|a (OCoLC)1049912120
|
| 040 |
|
|
|a MiAaPQ
|b eng
|e rda
|e pn
|c MiAaPQ
|d MiAaPQ
|
| 100 |
1 |
|
|a Bette, Karl-Heinrich.
|
| 245 |
1 |
0 |
|a Körperspuren :
|b Zur Semantik und Paradoxie moderner Körperlichkeit.
|
| 250 |
|
|
|a 1st ed.
|
| 264 |
|
1 |
|a Bielefeld :
|b transcript,
|c 2015.
|
| 264 |
|
4 |
|c {copy}2015.
|
| 300 |
|
|
|a 1 online resource (299 pages)
|
| 336 |
|
|
|a text
|b txt
|2 rdacontent
|
| 337 |
|
|
|a computer
|b c
|2 rdamedia
|
| 338 |
|
|
|a online resource
|b cr
|2 rdacarrier
|
| 490 |
1 |
|
|a KörperKulturen
|
| 505 |
0 |
|
|a Cover Körperspuren -- Inhalt -- Vorwort zur ersten Auflage -- Vorwort zur zweiten Auflage -- Einleitung -- I Simultaneität und Paradoxie -- 1 Zur gleichzeitigen Steigerung von Körperdistanzierung und Körperaufwertung -- 2 Resonanzfähigkeit und Paradoxie -- 3 Zur Wahrscheinlichkeit des Unwahrscheinlichen -- II Spurensuche: der Körper als Fluchtpunkt -- 1 Körperlichkeit und Urbanität. Zur räumlichen Dispersion der neueren Körpermoden -- 2 Innerstädtische Bewegungs- und Darstellungskünste -- 3 Körperlichkeit, Langsamkeit und Fortbewegung. Zur Wiederentdeckung der Zwischenräume -- 4 Stadtkörper und Öffentlichkeit. Zur Wiederbelebung urbaner Zentren durch Malls und Graffiti-Kommunikation: ein Exkurs -- 5 Gestylte Körper. Zum Idealbild von Jugendlichkeit und jugendlichem Körper -- 6 Punk-Körper. Zur sinnhaften Inszenierung von Sinnlosigkeit -- 7 Coole Typen. Sozialfiguren der Selbstbeherrschung und Körperdistanzierung -- 8 Animierte Körper und spaßbezogene Kommunikationen. Eine Fallstudie zur Club-Bewegung -- 9 Ausblick -- III Zum oberirdischen Körperprojekt der Moderne: der Fall des Hochleistungssports -- 1 Aspekte der Ausdifferenzierung -- 1.1 Codierung -- 1.2 Spannung als Erlebniskorrelat -- 1.3 Sondersituationen und normative Sicherungen -- 1.4 Sondermoral -- 1.5 Selektion und Leistung -- 1.6 Resonanzverstärker: die Massenmedien -- 2 Grenzen der Ausdifferenzierung -- 2.1 Bremsfaktoren -- 2.2 Ausblick -- IV Die Wiederkehr des ausgeschlossenen Dritten. Zur Heraufkunft neuer körperorientierter Sozialbewegungen -- 1 Komparative Aspekte -- 2 Zur Binnendifferenzierung des Sportsystems -- 3 Ausblick -- 4 Sinnsuche im Nicht-Sinnhaften: ein Nachwort (2005) -- Anhang -- Siglen -- Literatur -- Personenregister -- Sachregister.
|
| 588 |
|
|
|a Description based on publisher supplied metadata and other sources.
|
| 590 |
|
|
|a Electronic reproduction. Ann Arbor, Michigan : ProQuest Ebook Central, 2023. Available via World Wide Web. Access may be limited to ProQuest Ebook Central affiliated libraries.
|
| 655 |
|
4 |
|a Electronic books.
|
| 776 |
0 |
8 |
|i Print version:
|a Bette, Karl-Heinrich
|t Körperspuren
|d Bielefeld : transcript,c2015
|z 9783899424232
|
| 797 |
2 |
|
|a ProQuest (Firm)
|
| 830 |
|
0 |
|a KörperKulturen
|
| 856 |
4 |
0 |
|u https://ebookcentral.proquest.com/lib/matrademy/detail.action?docID=6955669
|z Click to View
|